عرض عادي عرض مارك
  • Advanced School on "Biomechanics of Soft Tissue"

مدخل إسم مؤتمر

عدد التسجيلات المستخدمة في: 1

001 - رقم الضبط

  • حقل الضبط: 5445

003 - معرف رقم الضبط

  • حقل الضبط: OSt

005 - تاريخ ووقت أخر عملية

  • حقل الضبط: 20111023150654.0

008 - عناصر بيانات ثابتة الطول

  • حقل تحكم ثابت الطول: 111023|||a|||||| | ||| d

040 ## - مصدر الفهرسة

  • هيئة الفهرسة الأصلية: OSt
  • وكالة الكتابة: OSt

111 ## - مدخل -- اسم مؤتمر

  • اسم الملتقي او اسم السلطه كعنصر مدخل: Advanced School on "Biomechanics of Soft Tissue"
  • تاريخ المؤتمر: (2001
  • مكان الملتقي: Udine, Italy)10

670 ## - بيانات المصدر موجوده

  • الاستشهاد بالمصدر: Work cat.: (OSt)862: Advanced School on "Biomechanics of Soft Tissue" (2001 Udine, Italy)10, Biomechanics of soft tissue in cardiovascular systems /, c2003.